Music Quiz

Random Music or The Beatles Quiz

Greatest Songs by Lyric (1-25) Quiz Stats

 Plays Quiz Updated Mar 26, 2016

Also try: Opening Lyrics
Challenge
Share
Tweet
Embed
Score 0/25 Timer 06:00
6 Plays Today
% Correct
Imagine (John Lennon)
92.4%
Let It Be (The Beatles)
90.1%
Hound Dog (Elvis Presley)
86.2%
Hey Jude (The Beatles)
85.2%
Good Vibrations (The Beach Boys)
83.2%
Blowin' in The Wind (Bob Dylan)
81%
Smells Like Teen Spirit (Nirvana)
80.1%
Purple Haze (Jimi Hendrix)
79.9%
Yesterday (The Beatles)
79.2%
Satisfaction (The Rolling Stones)
77.6%
Johnny B. Goode (Chuck Berry)
77.6%
Born To Run (Bruce Springsteen)
75.9%
I Want To Hold Your Hand (The Beatles)
75.4%
% Correct
Respect (Aretha Franklin)
73.4%
My Generation (The Who)
68.1%
What's Going On (Marvin Gaye)
62.2%
In My Life (The Beatles)
57.7%
Be My Baby (The Ronettes)
55.1%
Like A Rolling Stone (Bob Dylan)
49.7%
God Only Knows (The Beach Boys)
49.3%
London Calling (The Clash)
41.4%
Maybellene (Chuck Berry)
38.3%
A Change Is Gonna Come (Sam Cooke)
37%
What'd I Say (Ray Charles)
35%
People Get Ready (The Impressions)
32.7%

You're not logged in!

Compare scores with friends on all Sporcle quizzes.
OR
Log In

You Might Also Like...

Show Comments

Extras

Top Quizzes Today


Score Distribution

Your Account Isn't Verified!

In order to create a playlist on Sporcle, you need to verify the email address you used during registration. Go to your Sporcle Settings to finish the process.

Report this User

Report this user for behavior that violates our Community Guidelines.

Details: